| 000 | 00610nam a22001817a 4500 | ||
|---|---|---|---|
| 005 | 20260414125043.0 | ||
| 008 | 260414b |||||||| |||| 00| 0 eng d | ||
| 020 | _a9781439895832 | ||
| 050 | _aQA 76.9 .A25 M25 2015 | ||
| 100 | _aMUKHOPADHYAY, DEBDEEP | ||
| 245 | _aHARDWARE SECURITY: DESIGN, THREATS AND SAFEGUARDS. | ||
| 260 |
_aBOCA RATON, _bCRC PRESS TAYLOR & FRANCIS GROUP _c2015 |
||
| 300 | _aXXXIII,556 P, ILL | ||
| 500 | _aINCLUDES BIBLIOGRAPHY AND INDEX | ||
| 650 | _a1. COMPUTER SECURITY 2. COMPUTER ENGINEERING -SECURITY MEASURES. | ||
| 700 | _aCHAKRABORTY, RAJAT SUBHRA | ||
| 942 |
_2lcc _cBK |
||
| 999 |
_c216952 _d216952 |
||